书目信息 |
| 题名: |
英语同音异义词手册
|
|
| 作者: | 张定兴 主编 | |
| 分册: | ||
| 出版信息: | 上海 上海交通大学出版社 1999.04 |
|
| 页数: | 515页 | |
| 开本: | 32开 | |
| 丛书名: | ||
| 单 册: | ||
| 中图分类: | H313-62 | |
| 科图分类: | ||
| 主题词: | 英语 | |
| 电子资源: | ||
| ISBN: | 7-313-02182-8 | |
| 000 | 00567nam0 2200193 45 | |
| 001 | 0010221609 | |
| 005 | 20001022163038.5 | |
| 010 | @a7-313-02182-8@d21.00元 | |
| 100 | @a20001022d1999 km y0chiy0120 ea | |
| 101 | 0 | @achi |
| 105 | @a z 000yy | |
| 200 | 1 | @a英语同音异义词手册@AYing Yu Tong Yin Yi Yi Ci Shou Ce@f张定兴主编@FZhang Ding Xing Zhu Bian |
| 210 | @a上海@c上海交通大学出版社@d1999.04 | |
| 215 | @a515页@d32开 | |
| 606 | 0 | @a英语 |
| 690 | @aH313-62@v3 | |
| 701 | 0 | @a张定兴@4主编 |
| 801 | @aCN@bPftUser@c20001022 | |
| 905 | @b182852-856@dH313-62@eZH884@f5 | |
| 英语同音异义词手册/张定兴主编.-上海:上海交通大学出版社,1999.04 |
| 515页;32开 |
| ISBN 7-313-02182-8:21.00元 |
| ● |
| 相关链接 |
|
|
|
正题名:英语同音异义词手册
索取号:H313-62/ZH884
 
预约/预借
| 序号 | 登录号 | 条形码 | 馆藏地/架位号 | 状态 | 备注 |
| 1 | 182852 | 201828521 | 语言库209/209语言库 31排5列1层/ [索取号:H313-62/ZH884] | 在馆 | |
| 2 | 182853 | 201828530 | 语言库209/209语言库 31排5列1层/ [索取号:H313-62/ZH884] | 在馆 | |
| 3 | 182854 | 201828549 | 语言库209/209语言库 31排5列1层/ [索取号:H313-62/ZH884] | 在馆 | |
| 4 | 182855 | 201828558 | 语言库209/209语言库 31排5列1层/ [索取号:H313-62/ZH884] | 在馆 | |
| 5 | 182856 | 201828567 | 外国语学院资料室/209语言库 31排5列1层/ [索取号:H313-62/ZH884] | 在馆 |